书目信息 |
| 题名: |
老师,您的身体还好吗?
|
|
| 作者: | 单述刚 , 双福 主编 | |
| 分册: | ||
| 出版信息: | 南京 江苏凤凰科学技术出版社 2017 |
|
| 页数: | 176页 | |
| 开本: | 24cm | |
| 丛书名: | 凤凰生活 | |
| 单 册: | ||
| 中图分类: | R135 , G478.2 | |
| 科图分类: | ||
| 主题词: | 教师--jiao shi--职业病--防治 , 教师--jiao shi--保健--基本知识 | |
| 电子资源: | ||
| ISBN: | 978-7-5537-8447-2 | |
| 000 | 01050nam 2200301 450 | |
| 001 | 012001002993 | |
| 005 | 20131101101331.0 | |
| 010 | @a978-7-5537-8447-2@dCNY48.00 | |
| 099 | @aCAL 012019051564 | |
| 100 | @a20180726d2017 em y0chiy50 ea | |
| 101 | 0 | @achi |
| 102 | @aCN@b320000 | |
| 105 | @aa z 000yy | |
| 106 | @ar | |
| 200 | 1 | @a老师,您的身体还好吗?@Alao shi , nin de shen ti hai hao ma ?@f单述刚,双福主编 |
| 210 | @a南京@c江苏凤凰科学技术出版社@d2017 | |
| 215 | @a176页@c彩图@d24cm | |
| 225 | 2 | @a凤凰生活@Afeng huang sheng huo |
| 330 | @a本书集结了康复理疗医学专家和营养学专家的临床经验和专业知识,从教师的健康状况着手,通过中医理疗、食疗、心理调节等方案,为教师的健康提供理论指导和实际辅助治疗方法。 | |
| 410 | 0 | @12001 @a凤凰生活 |
| 606 | 0 | @a教师@Ajiao shi@x职业病@x防治 |
| 606 | 0 | @a教师@Ajiao shi@x保健@x基本知识 |
| 690 | @aR135@v5 | |
| 690 | @aG478.2@v5 | |
| 701 | 0 | @a单述刚@Ashan shu gang@4主编 |
| 701 | 0 | @a双福@Ashuang fu@4主编 |
| 801 | 0 | @aCN@b江苏凤凰@c20191020 |
| 905 | @b1231539-42@dR135@e138@f4 | |
| 老师,您的身体还好吗?/单述刚,双福主编.-南京:江苏凤凰科学技术出版社,2017 |
| 176页:彩图;24cm.-(凤凰生活) |
| ISBN 978-7-5537-8447-2:CNY48.00 |
| 本书集结了康复理疗医学专家和营养学专家的临床经验和专业知识,从教师的健康状况着手,通过中医理疗、食疗、心理调节等方案,为教师的健康提供理论指导和实际辅助治疗方法。 |
| ● |
| 相关链接 |
|
|
|
|
正题名:老师,您的身体还好吗?
索取号:R135/138
 
预约/预借
| 序号 | 登录号 | 条形码 | 馆藏地/架位号 | 状态 | 备注 |
| 1 | 1231539 | 212315396 | 第二样本阅览室/ [索取号:R135/138] | 在馆 | |
| 2 | 1231540 | 212315403 | 教育系资料室/ [索取号:R135/138] | 在馆 | |
| 3 | 1231541 | 212315412 | 教育系资料室/ [索取号:R135/138] | 在馆 | |
| 4 | 1231542 | 212315421 | 第三借阅区/ [索取号:R135/138] | 在馆 |